Liedtext - So'ne Musik - Deichkind - Statistiken

Allgemein
  • Dieses Quiz wurde 23 mal gespielt
  • Das Durchschnittsergebnis liegt bei 220 aus 372
Antwortstatistiken
Antwort % Korrekt
so:
100%
so
100%
So
100%
das
94%
die
94%
Die
94%
Die-die-die
94%
Musik,
94%
Musik
94%
Musik?
94%
'ne
94%
den
88%
Der
88%
der
88%
Z,
88%
für
81%
ist
81%
mit
81%
nur
81%
und
81%
Und
81%
zu
81%
Alle
75%
alle
75%
es
75%
im
75%
Im
75%
sie
75%
vom
75%
Wir
75%
wir
75%
woll'n
75%
zurück
75%
auf
69%
Auf
69%
dem
69%
denn
69%
Denn
69%
DK
69%
Hemd
69%
ja
69%
Karten
69%
Konzert
69%
letzte
69%
of
69%
Verkauf
69%
Wer
69%
wie
69%
Wie
69%
(Yeah)
69%
„Yeah"
69%
an
63%
aus
63%
Aus
63%
dann
63%
Dann
63%
Du
63%
du
63%
mach
63%
macht
63%
Nicht
63%
Abriss,
56%
deine
56%
gefedert
56%
geteert
56%
her
56%
in
56%
In
56%
kann
56%
mal
56%
Melodien
56%
noch
56%
Ritalin
56%
viel
56%
aber
50%
Auto
50%
Autotune
50%
Bach
50%
Bei
50%
bei
50%
benutzen
50%
bist
50%
dich
50%
einmal
50%
euch
50%
fangen
50%
ganze
50%
haben
50%
heute
50%
hörst
50%
Immer
50%
ins
50%
Kinderzimmer,
50%
laden
50%
Laden
50%
lange
50%
Noten
50%
Office
50%
Oval
50%
Papierflieger
50%
Primaten
50%
Stein
50%
von
50%
0
44%
8
44%
bauen
44%
beginnen
44%
beim
44%
Beim
44%
deiner
44%
Geld,
44%
Geld
44%
Gitarr'n
44%
Gören,
44%
guten
44%
hängen
44%
Jay
44%
jetzt
44%
Konsum
44%
Leim
44%
lieben
44%
Nacht
44%
Netz,
44%
peng
44%
Show
44%
Slang
44%
Stock
44%
stream'n
44%
Stube
44%
Sven
44%
uns
44%
unser
44%
vermisst,
44%
Welt,
44%
agieren
38%
bisschen
38%
braucht
38%
Buddel
38%
Chance,
38%
danach
38%
darin
38%
erzieh'n
38%
fühlst
38%
Gang,
38%
Gerätetraining
38%
hängst
38%
hast
38%
keine
38%
kloppen
38%
kommt
38%
Krach,
38%
Lameng
38%
Life
38%
Mosh
38%
müssen
38%
nix
38%
Ob
38%
oder
38%
richtig
38%
safe
38%
Silly
38%
smashen
38%
Smog
38%
Soundtrack
38%
ungeniert
38%
völlig
38%
wieder
38%
wunderschönen
38%
your
38%
zelebrier'n
38%
zielgruppenorientiert
38%
Bock
31%
Clown
31%
Endlich
31%
erklär'n,
31%
fall'n
31%
Freaks
31%
heftigster
31%
Kalotte
31%
Kost'n
31%
laut
31%
neulich,
31%
Party
31%
Seele
31%
Staub
31%
Tröten
31%
Walk
31%
wird
31%
ausm
25%
ballert
25%
clippt,
25%
Dom
25%
drücken
25%
Erschaff'
25%
Exzess,
25%
feiert
25%
Game
25%
geht
25%
gepumpt,
25%
hol'n
25%
Katerfrühstück
25%
Lalalala-Bumm,
25%
läuft
25%
Pérignon
25%
Pop,
25%
Rahm'n
25%
raus,
25%
zerfeiert
25%
Atmet
19%
Chili-Cheese
19%
Hobbykeller,
19%
Midlife-Crisis
19%
Pubertieren,
19%
Reifenwechseln,
19%
Stellensuche,
19%
Todeszone
19%
ausgeknockt
13%
Guerillaschaukeln
13%
Tagesklinik
13%
Weiterbildung
13%
zerrockte
13%
Elternabend,
6%
Klinkenputzen,
6%
Touri-Meile
6%
Turbo
0%
Keine übereinstimmenden Quizze gefunden
Verteilung der Resultate
Anzahl Personen mit jedem Resultat
Perzentil nach korrekt beantworteten Fragen
Ihre Resultats-Entwicklung
Sie haben dieses Quiz noch nicht gespielt